[Event "XXXVII Olimpiadi femminile"]
[Site "Torino ITA"]
[Date "2006.05.22"]
[Round "2.2"]
[White "Zimina, Olga"]
[Black "Franco Valencia, Angela Maria"]
[Result "1-0"]
[WhiteElo "2404"]
[BlackElo "2076"]
[Annotator "COL-ITA1"]
[PlyCount "73"]
[EventDate "2006.05.21"]

1. e4 d5 2. exd5 Qxd5 3. Nc3 Qa5 4. d4 Nf6 5. Nf3 c6 6. Bc4 Bf5 7. Bd2 Qc7 8.
Ne5 e6 9. g4 Bg6 10. h4 Nbd7 11. Qe2 Nxe5 12. dxe5 Nd7 13. f4 h5 14. f5 exf5
15. O-O-O Nxe5 16. Bf4 f6 17. g5 Bd6 18. gxf6 gxf6 19. Rhg1 Bf7 20. Bxf7+ Kxf7
21. Bxe5 Bxe5 22. Qc4+ Kf8 23. Na4 b6 24. Nc3 Re8 25. Kb1 b5 26. Qd3 Qc8 27.
Rgf1 Kf7 28. Qf3 Reg8 29. Rd2 Rg4 30. Rfd1 Re8 31. Rd7+ Re7 32. Qxf5 Qe8 33.
Qxh5+ Rg6 34. Rd8 Qxd8 35. Rxd8 b4 36. Nd1 Kg7 37. Rh8 1-0

[Event "XXXVII Olimpiadi femminile"]
[Site "Torino ITA"]
[Date "2006.05.22"]
[Round "2.3"]
[White "Palao, Maricela"]
[Black "Ambrosi, Eleonora"]
[Result "0-1"]
[WhiteElo "2152"]
[BlackElo "2136"]
[Annotator "COL-ITA1"]
[PlyCount "68"]
[EventDate "2006.05.21"]

1. d4 d5 2. Nf3 Nc6 3. c4 Bg4 4. e3 e6 5. Nc3 Nf6 6. Be2 dxc4 7. Bxc4 a6 8. O-O
Bd6 9. h3 Bh5 10. Be2 O-O 11. Qb3 b5 12. a3 Qe7 13. Qc2 Bg6 14. e4 e5 15. d5
Nd4 16. Qd3 Nb3 17. Bg5 Nxa1 18. Rxa1 h6 19. Bh4 Bh7 20. Qe3 Rfb8 21. g4 b4 22.
axb4 Rxb4 23. Ra2 Rab8 24. Rxa6 Rxb2 25. Rc6 R8b6 26. Rc4 R2b4 27. Rc6 Bg6 28.
Kh2 h5 29. Rxb6 Rxb6 30. Qg5 hxg4 31. hxg4 Rb3 32. Qd2 Nxg4+ 33. Kg3 Nf6 34.
Ng5 Bb4 0-1

[Event "XXXVII Olimpiadi femminile"]
[Site "Torino ITA"]
[Date "2006.05.22"]
[Round "2.1"]
[White "Nguyen, Thi Thanh An"]
[Black "Koneru, Humpy"]
[Result "0-1"]
[WhiteElo "2317"]
[BlackElo "2548"]
[Annotator "VIE-IND"]
[PlyCount "52"]
[EventDate "2006.05.21"]

1. d4 Nf6 2. c4 e6 3. Nc3 Bb4 4. Qc2 c5 5. dxc5 O-O 6. Nf3 Na6 7. a3 Bxc3+ 8.
Qxc3 Nxc5 9. e3 b6 10. b4 Nce4 11. Qc2 Bb7 12. Bd3 Rc8 13. Bb2 d5 14. Qb3 dxc4
15. Bxc4 Ng4 16. Bxe6 fxe6 17. Qxe6+ Rf7 18. Qxg4 Rc2 19. Rd1 Qe7 20. Ne5 Nxf2
21. Qd4 Nxd1 22. Kxd1 Rff2 23. Bc3 Qc7 24. Nc4 Bxg2 25. Rg1 Bf3+ 26. Ke1 Rfe2+
0-1

[Event "XXXVII Olimpiadi femminile"]
[Site "Torino ITA"]
[Date "2006.05.22"]
[Round "2.2"]
[White "Harika, Dronavalli"]
[Black "Hoang, Thi Bao Tram"]
[Result "1/2-1/2"]
[WhiteElo "2358"]
[BlackElo "2349"]
[Annotator "VIE-IND"]
[PlyCount "170"]
[EventDate "2006.05.21"]

1. d4 d5 2. c4 c6 3. Nc3 Nf6 4. e3 g6 5. Nf3 Bg7 6. Be2 O-O 7. O-O Bg4 8. cxd5
cxd5 9. Qb3 b6 10. h3 Bxf3 11. Bxf3 e6 12. Bd2 Nc6 13. Qb5 Qd6 14. Rac1 a6 15.
Qe2 b5 16. Rfd1 Rfc8 17. Be1 Nd7 18. Qd2 Nb6 19. b3 Rc7 20. Ne2 Rac8 21. Nf4
Bh6 22. g3 Nd7 23. Bg2 Nf6 24. Rc2 Qd8 25. Rdc1 Bf8 26. Nd3 Ba3 27. Rd1 a5 28.
Nc5 Nb4 29. Rc3 Nd7 30. Qe2 Nxc5 31. Rxc5 Rxc5 32. dxc5 Rxc5 33. Bxb4 Bxb4 34.
Qd3 Qc7 35. e4 dxe4 36. Bxe4 Qe5 37. Kg2 Bc3 38. Bf3 Kg7 39. Qe4 Qxe4 40. Bxe4
Rc7 41. Bd3 Rd7 42. Be2 Rxd1 43. Bxd1 Kf6 44. a4 bxa4 45. bxa4 Ke5 46. Be2 Kd4
47. Bb5 e5 48. Kf3 f5 49. Ke2 e4 50. Bd7 Ke5 51. Bc8 Bb4 52. f3 Bd6 53. Bb7 Kd4
54. fxe4 fxe4 55. g4 Bg3 56. Ba6 Bh4 57. Bb5 Ke5 58. Bc4 Kf4 59. Bg8 h6 60. Bf7
g5 61. Bd5 e3 62. Kf1 Kg3 63. Bc4 Kxh3 64. Be2 Bg3 65. Kg1 Bf2+ 66. Kf1 Kh2 67.
Bd1 Kh3 68. Be2 Bg3 69. Kg1 Bf4 70. Bd1 h5 71. gxh5 g4 72. Be2 Bg5 73. Bf1+ Kg3
74. Be2 Bf6 75. h6 Bd4 76. h7 Bh8 77. Kf1 Kh3 78. Kg1 Bg7 79. Bf1+ Kg3 80. Be2
Bd4 81. Kf1 Kh3 82. Kg1 g3 83. Bf1+ g2 84. Bxg2+ Kg3 85. Kf1 e2+ 1/2-1/2

[Event "XXXVII Olimpiadi femminile"]
[Site "Torino ITA"]
[Date "2006.05.22"]
[Round "2.3"]
[White "Le, Thanh Tu"]
[Black "Swathi, Ghate"]
[Result "1-0"]
[WhiteElo "2239"]
[BlackElo "2262"]
[Annotator "VIE-IND"]
[PlyCount "71"]
[EventDate "2006.05.21"]

1. d4 Nf6 2. c4 e6 3. Nc3 Bb4 4. Qc2 Nc6 5. Nf3 d6 6. Bd2 e5 7. d5 Bxc3 8. Bxc3
Ne7 9. Nd2 O-O 10. g3 Nd7 11. Bg2 f5 12. e3 Ng6 13. O-O-O e4 14. f3 exf3 15.
Nxf3 Qe7 16. Rde1 Nge5 17. Bd4 Nxf3 18. Bxf3 Ne5 19. Bg2 Bd7 20. Rhf1 Rae8 21.
Kb1 Qg5 22. Ka1 Ng4 23. h4 Qg6 24. Bh1 Nf6 25. Rg1 a6 26. Bf3 Re7 27. c5 Be8
28. Qb3 Bb5 29. a4 Bd7 30. Qxb7 f4 31. gxf4 Qc2 32. Qb4 Bxa4 33. Bd1 Qc1+ 34.
Ka2 Bc2 35. Bf3 Bb1+ 36. Ka1 1-0

[Event "XXXVII Olimpiadi femminile"]
[Site "Torino ITA"]
[Date "2006.05.22"]
[Round "2.3"]
[White "Velcheva, Maria"]
[Black "Ghaderpour Taleghani, Shayesteh"]
[Result "1/2-1/2"]
[WhiteElo "2279"]
[BlackElo "2144"]
[Annotator "BUL-IRI"]
[PlyCount "83"]
[EventDate "2006.05.21"]

1. e4 c5 2. Nf3 d6 3. d4 cxd4 4. Nxd4 Nf6 5. Nc3 a6 6. Be3 e5 7. Nf3 Be7 8. Bc4
Be6 9. Bxe6 fxe6 10. Ng5 Qd7 11. Qf3 Nc6 12. Qh3 Nd8 13. O-O O-O 14. Bb6 Re8
15. Qd3 h6 16. Nh3 Nc6 17. Rad1 Bd8 18. Be3 Bc7 19. f4 exf4 20. Bxf4 Rad8 21.
Bxh6 gxh6 22. Rxf6 Qg7 23. Rff1 Kh8 24. Nf4 Ne5 25. Qe2 Bb6+ 26. Kh1 Qg4 27. h3
Qg3 28. Qh5 Kh7 29. Rxd6 Bc7 30. Rxd8 Rxd8 31. Nce2 Qg8 32. Qh4 Rf8 33. Qe7+
Rf7 34. Qxe6 Qf8 35. g3 Qb4 36. Nc3 Qd4 37. Kg2 Qe3 38. Rf2 Bb6 39. Rf1 Bc7 40.
Rf2 Bb6 41. Rf1 Bc7 42. Rf2 1/2-1/2

[Event "XXXVII Olimpiadi femminile"]
[Site "Torino ITA"]
[Date "2006.05.22"]
[Round "2.1"]
[White "Berezina, Irina"]
[Black "Peptan, Corina-Isabela"]
[Result "0-1"]
[WhiteElo "2281"]
[BlackElo "2408"]
[Annotator "AUS-ROU"]
[PlyCount "68"]
[EventDate "2006.05.21"]

1. d4 Nf6 2. Nf3 e6 3. Bg5 c5 4. e3 h6 5. Bh4 b6 6. Bd3 Bb7 7. O-O Be7 8. Nbd2
O-O 9. c3 d6 10. Rc1 Nbd7 11. Bb1 Re8 12. Re1 Rc8 13. h3 b5 14. Qe2 Qb6 15. e4
e5 16. d5 c4 17. Nf1 Nh5 18. Bxe7 Nf4 19. Qd2 Rxe7 20. g3 Ng6 21. Ne3 Nf6 22.
Nf5 Ree8 23. Kg2 Rc5 24. Qe3 Bc8 25. N3h4 Nxh4+ 26. Nxh4 Qd8 27. Rh1 Nh7 28.
Nf3 f5 29. exf5 Nf6 30. Rcd1 Bb7 31. Be4 Qa8 32. Nd2 Rxd5 33. Bxd5+ Nxd5 34.
Qe1 Nxc3+ 0-1

[Event "XXXVII Olimpiadi femminile"]
[Site "Torino ITA"]
[Date "2006.05.22"]
[Round "2.2"]
[White "Foisor, Cristina-Adela"]
[Black "Moylan, Laura"]
[Result "1-0"]
[WhiteElo "2392"]
[BlackElo "2127"]
[Annotator "AUS-ROU"]
[PlyCount "89"]
[EventDate "2006.05.21"]

1. c4 c5 2. g3 g6 3. Bg2 Bg7 4. Nc3 Nc6 5. d3 e6 6. Bxc6 bxc6 7. f4 d6 8. Nf3
Ne7 9. e4 Bd4 10. e5 d5 11. Bd2 h5 12. Qa4 Bd7 13. O-O-O Nf5 14. Ne2 Be3 15.
Kb1 Bxd2 16. Rxd2 Qc7 17. Rc1 Rb8 18. Qa3 Qb6 19. cxd5 cxd5 20. Rxc5 O-O 21.
Qa5 Rfc8 22. Rxc8+ Rxc8 23. Qxb6 axb6 24. Rc2 h4 25. Nxh4 Nxh4 26. Rxc8+ Bxc8
27. gxh4 f6 28. Kc2 Kg7 29. Kc3 fxe5 30. fxe5 Bd7 31. Kb4 Kh6 32. a4 Kh5 33.
Nf4+ Kh6 34. a5 bxa5+ 35. Kxa5 g5 36. hxg5+ Kxg5 37. Ne2 Kf5 38. d4 Ke4 39. b4
Ke3 40. h4 Kxe2 41. h5 Kd3 42. h6 Kxd4 43. h7 Kc3 44. h8=Q d4 45. Qd8 1-0

[Event "XXXVII Olimpiadi femminile"]
[Site "Torino ITA"]
[Date "2006.05.22"]
[Round "2.3"]
[White "Phan-Koshnitsky, Ngan"]
[Black "Bogza, Adina-Maria"]
[Result "1/2-1/2"]
[WhiteElo "2181"]
[BlackElo "2297"]
[Annotator "AUS-ROU"]
[PlyCount "87"]
[EventDate "2006.05.21"]

1. d4 g6 2. e4 d6 3. Nf3 Nf6 4. Nc3 Bg7 5. Be2 O-O 6. O-O Bg4 7. Be3 Nc6 8. Qd2
e5 9. d5 Ne7 10. h3 Bd7 11. Nh2 b5 12. a3 a5 13. b4 a4 14. Ng4 Nxg4 15. hxg4
Rb8 16. g5 Kh8 17. Nd1 Ng8 18. c4 f5 19. gxf6 Nxf6 20. Nc3 bxc4 21. Bg5 Qe8 22.
Rac1 Nh5 23. Bxc4 Nf4 24. Ne2 Qf7 25. f3 h6 26. Bxf4 exf4 27. Nd4 Be5 28. Be2
Qf6 29. Rfd1 Rb7 30. Rc2 h5 31. Ba6 Ra7 32. Bf1 g5 33. Nc6 Bxc6 34. Rxc6 g4 35.
Kf2 Rf7 36. Ke2 Kg7 37. Qe1 Kg6 38. Rd3 Bd4 39. Rc4 Be3 40. Rdc3 Qe5 41. Kd3
Bb6 42. Be2 Qg5 43. Qd1 g3 44. Qh1 1/2-1/2

[Event "XXXVII Olimpiadi femminile"]
[Site "Torino ITA"]
[Date "2006.05.22"]
[Round "2.1"]
[White "Radziewicz, Iweta"]
[Black "Sabirova, Olga"]
[Result "1-0"]
[WhiteElo "2439"]
[BlackElo "2212"]
[Annotator "POL-UZB"]
[PlyCount "73"]
[EventDate "2006.05.21"]

1. d4 Nf6 2. c4 g6 3. Nc3 Bg7 4. Nf3 O-O 5. Bg5 h6 6. Bh4 c5 7. d5 d6 8. Nd2 e6
9. e3 exd5 10. cxd5 Nbd7 11. a4 Ne5 12. Be2 g5 13. Bg3 Re8 14. Qc2 b6 15. Bb5
Bd7 16. Bxe5 Rxe5 17. Nc4 Bf5 18. Qb3 Re7 19. Bc6 Rb8 20. O-O Bd3 21. Rfd1 Bxc4
22. Qxc4 Nd7 23. Qe2 Ne5 24. Bb5 Qc7 25. Qh5 Rf8 26. h4 gxh4 27. Bd3 Nxd3 28.
Rxd3 f5 29. Qxh4 Kh7 30. a5 Bxc3 31. axb6 axb6 32. Rxc3 Re4 33. Qh3 Rf7 34.
Rca3 Re5 35. Ra8 Qe7 36. Rb8 Qg5 37. f4 1-0

[Event "XXXVII Olimpiadi femminile"]
[Site "Torino ITA"]
[Date "2006.05.22"]
[Round "2.2"]
[White "Hamrakulova, Yulduz"]
[Black "Zawadzka, Jolanta"]
[Result "1/2-1/2"]
[WhiteElo "2187"]
[BlackElo "2389"]
[Annotator "POL-UZB"]
[PlyCount "118"]
[EventDate "2006.05.21"]

1. d4 Nf6 2. c4 g6 3. Nc3 Bg7 4. e4 d6 5. f3 O-O 6. Be3 a6 7. Qd2 Nbd7 8. Nge2
c5 9. d5 Ne5 10. Ng3 b5 11. cxb5 axb5 12. Bxb5 Ba6 13. Bxa6 Rxa6 14. O-O Qa5
15. Nge2 Nc4 16. Qc1 Qb4 17. b3 Nxe3 18. Qxe3 Nd7 19. Kh1 Rfa8 20. Rab1 Ra3 21.
Rfc1 h5 22. h3 Qa5 23. Rc2 Rb8 24. Qd2 Qb4 25. Rd1 Nb6 26. Nb1 Qxd2 27. Nxd2
Rba8 28. Nc1 Bh6 29. Rf1 f5 30. Re1 Kf7 31. Kg1 Nd7 32. Re2 Ne5 33. Kf2 fxe4
34. fxe4 e6 35. Ke1 Ke7 36. Kd1 Rf8 37. Rc3 Kd7 38. Nf3 Nxf3 39. dxe6+ Kxe6 40.
gxf3 Bg7 41. Rd3 c4 42. bxc4 Rxd3+ 43. Nxd3 Rxf3 44. Kc2 g5 45. Rg2 Bf6 46. Rh2
Re3 47. h4 gxh4 48. Nf4+ Ke5 49. Nxh5 Bd8 50. Kd2 Rxe4 51. Re2 h3 52. Rxe4+
Kxe4 53. Ke2 Bh4 54. Kf1 Kf3 55. Kg1 Bg5 56. a4 Bd2 57. Kh2 Ke4 58. Ng7 Kd4 59.
Nf5+ Ke5 1/2-1/2

[Event "XXXVII Olimpiadi femminile"]
[Site "Torino ITA"]
[Date "2006.05.22"]
[Round "2.3"]
[White "Przezdziecka, Marta"]
[Black "Khamrakulova, Iroda"]
[Result "1-0"]
[WhiteElo "2265"]
[BlackElo "2200"]
[Annotator "POL-UZB"]
[PlyCount "121"]
[EventDate "2006.05.21"]

1. d4 Nf6 2. Nf3 e6 3. Bg5 d5 4. e3 Be7 5. c4 O-O 6. Nc3 b6 7. Qc2 Bb7 8. Rd1
Nbd7 9. a3 a5 10. Bd3 Rc8 11. cxd5 exd5 12. Ne5 h6 13. Bf4 c6 14. O-O Nxe5 15.
Bxe5 Bd6 16. Bf5 Ra8 17. Na4 Bc7 18. Rc1 Rb8 19. Rfd1 Qe7 20. Bxc7 Qxc7 21. Bd3
Qd8 22. Qb3 Ba8 23. Qc2 Qe7 24. Qd2 Ne4 25. Bxe4 Qxe4 26. b4 axb4 27. axb4 f5
28. Rc3 Qe7 29. Ra3 Qd6 30. Rda1 Qc7 31. g3 Bb7 32. Nb2 c5 33. bxc5 bxc5 34.
Nd3 cxd4 35. exd4 Qd6 36. Ra7 Bc8 37. Qa2 Be6 38. Nf4 Bf7 39. Qa4 Rb4 40. Qd1
Qb6 41. R7a4 Rc8 42. Rxb4 Qxb4 43. Ra4 Qc3 44. Qd3 Qxd3 45. Nxd3 Rc4 46. Rb4
Kf8 47. Rb8+ Ke7 48. Rb7+ Kf6 49. Ne5 Rc1+ 50. Kg2 Be6 51. Rb6 Re1 52. Nd3 Re4
53. Nc5 Re1 54. f3 Re2+ 55. Kf1 Rxh2 56. Rxe6+ Kf7 57. Re5 g6 58. Rxd5 Rh1+ 59.
Kg2 Rd1 60. Kf2 Kf6 61. Rd6+ 1-0

[Event "XXXVII Olimpiadi femminile"]
[Site "Torino ITA"]
[Date "2006.05.22"]
[Round "2.2"]
[White "Ciuksyte, Dagne"]
[Black "Pavlovskaia, Evgenia"]
[Result "1-0"]
[WhiteElo "2423"]
[BlackElo "2182"]
[Annotator "SWE-LTU"]
[PlyCount "63"]
[EventDate "2006.05.21"]

1. e4 c6 2. d4 d5 3. Nd2 dxe4 4. Nxe4 Bf5 5. Ng3 Bg6 6. h4 h6 7. Nf3 Nd7 8. h5
Bh7 9. Bd3 Bxd3 10. Qxd3 Ngf6 11. Bf4 e6 12. O-O-O Nd5 13. Bd2 Qc7 14. Ne4
O-O-O 15. c4 N5f6 16. g3 Nxe4 17. Qxe4 Nf6 18. Qe2 c5 19. Bc3 Bd6 20. Kb1 Kb8
21. Rd2 Ka8 22. Rhd1 a6 23. dxc5 Qxc5 24. Ne5 Bc7 25. Rxd8+ Rxd8 26. Rxd8+ Bxd8
27. Nxf7 Bb6 28. Qxe6 Qxf2 29. Nd6 Qf3 30. a3 Qc6 31. Bxf6 gxf6 32. Qg8+ 1-0

[Event "XXXVII Olimpiadi femminile"]
[Site "Torino ITA"]
[Date "2006.05.22"]
[Round "2.3"]
[White "Andersson, Christin"]
[Black "Daulyte, Deimante"]
[Result "0-1"]
[WhiteElo "2170"]
[BlackElo "2230"]
[Annotator "SWE-LTU"]
[PlyCount "118"]
[EventDate "2006.05.21"]

1. e4 c5 2. Nf3 d6 3. d4 cxd4 4. Nxd4 Nf6 5. Nc3 g6 6. f4 Nc6 7. Nxc6 bxc6 8.
e5 Nd7 9. Bc4 dxe5 10. O-O Bg7 11. Qf3 O-O 12. Qxc6 Qb6+ 13. Qxb6 Nxb6 14. Bb3
Ba6 15. Re1 exf4 16. Bxf4 e6 17. Be5 Bxe5 18. Rxe5 Rfd8 19. Ra5 Bb7 20. Rd1 a6
21. Re5 Rxd1+ 22. Nxd1 Rd8 23. Nf2 Kg7 24. Nd3 Kf6 25. Re1 Rc8 26. c3 Ke7 27.
Ne5 Nd5 28. c4 Nb6 29. Rc1 f6 30. Nd3 e5 31. c5 Nd7 32. Ba4 e4 33. Bxd7 Kxd7
34. Nf2 f5 35. b4 Bc6 36. Kf1 Ke6 37. Rd1 Ke5 38. Rd6 Bb5+ 39. Ke1 Rc6 40. Rd8
h6 41. g3 g5 42. g4 e3 43. Nd3+ Bxd3 44. Rxd3 f4 45. Rd8 f3 46. Rf8 Ke4 47. h3
Rc7 48. Rf6 Rd7 49. Rd6 Rf7 50. Re6+ Kf4 51. c6 Kg3 52. Rxe3 Kg2 53. Kd1 f2 54.
Re2 Kf3 55. Rxf2+ Kxf2 56. a4 Ke3 57. b5 axb5 58. axb5 Rc7 59. Kc2 Ke4 0-1

[Event "XXXVII Olimpiadi femminile"]
[Site "Torino ITA"]
[Date "2006.05.22"]
[Round "2.1"]
[White "Dembo, Yelena"]
[Black "Atalik Polovnikova, Ekaterina"]
[Result "1/2-1/2"]
[WhiteElo "2464"]
[BlackElo "2393"]
[Annotator "GRE-TUR"]
[PlyCount "65"]
[EventDate "2006.05.21"]

1. e4 e5 2. Nf3 Nc6 3. Bc4 Bc5 4. b4 Bxb4 5. c3 Ba5 6. d4 Bb6 7. O-O d6 8. dxe5
dxe5 9. Qb3 Qf6 10. Rd1 Be6 11. Bd5 h6 12. Be3 Na5 13. Qa4+ Bd7 14. Qa3 Rd8 15.
Nbd2 Ne7 16. Bc5 Nac6 17. Bxc6 Nxc6 18. Nc4 Bxc5 19. Qxc5 Qe7 20. Qxe7+ Kxe7
21. Ncxe5 Nxe5 22. Nxe5 Be6 23. f4 Rhe8 24. Kf2 f6 25. Ng6+ Kf7 26. f5 Bc8 27.
Kf3 b6 28. Nf4 Bd7 29. Rd4 c5 30. Rd6 Ba4 31. Rxd8 Rxd8 32. Ke3 Bc6 33. g4
1/2-1/2

[Event "XXXVII Olimpiadi femminile"]
[Site "Torino ITA"]
[Date "2006.05.22"]
[Round "2.2"]
[White "Topel, Zehra"]
[Black "Makropoulou, Marina"]
[Result "1-0"]
[WhiteElo "2132"]
[BlackElo "2305"]
[Annotator "GRE-TUR"]
[PlyCount "165"]
[EventDate "2006.05.21"]

1. d4 d5 2. c4 c6 3. Nf3 Nf6 4. Nc3 a6 5. e3 b5 6. cxd5 cxd5 7. Bd3 e6 8. O-O
Nbd7 9. a3 Be7 10. Bd2 Bb7 11. Na2 Ne4 12. Rc1 O-O 13. Bb1 Nxd2 14. Qxd2 g6 15.
Nb4 Nb6 16. Nd3 Nc4 17. Qe2 a5 18. Nde5 Qd6 19. h4 Bf6 20. Nd3 Bc6 21. h5 Rac8
22. hxg6 hxg6 23. Nf4 Rfd8 24. Nh3 Kg7 25. Nfg5 e5 26. b3 Nxa3 27. dxe5 Qxe5
28. f4 Qe7 29. Bd3 a4 30. bxa4 bxa4 31. Ba6 Rc7 32. f5 Nc4 33. Bxc4 dxc4 34.
fxg6 fxg6 35. Rxf6 Qxf6 36. Qxc4 Rd5 37. Qa6 Rxg5 38. Nxg5 Qxg5 39. Rxc6 Qxe3+
40. Kh1 Qe1+ 41. Kh2 Qh4+ 42. Kg1 Qd4+ 43. Kh2 Qe5+ 44. Kg1 Qe3+ 45. Kh1 Rxc6
46. Qxc6 a3 47. Qd7+ Kf6 48. Qd8+ Kf7 49. Qd5+ Ke7 50. Qb7+ Kf6 51. Qc6+ Kg5
52. Qd5+ Kh6 53. Qc4 Qe1+ 54. Kh2 Qe5+ 55. Kg1 Qa1+ 56. Kh2 Qe5+ 57. Kg1 Qd6
58. Kh1 Kh7 59. Qf7+ Kh6 60. Qc4 Kg7 61. Kg1 Kf6 62. Kh1 Ke7 63. Qe4+ Kd7 64.
Qc4 Ke7 65. Qe4+ Kf6 66. Qc4 Qe7 67. Qf4+ Kg7 68. Qc4 Qe1+ 69. Kh2 Qe3 70. Kh1
g5 71. Qd5 Kf6 72. Qd6+ Kf7 73. Qd7+ Kg6 74. Qd5 Qc1+ 75. Kh2 Qf4+ 76. Kg1 Qc1+
77. Kh2 Qc7+ 78. Kh1 Qh7+ 79. Kg1 Qa7+ 80. Kh2 a2 81. Qe6+ Kg7 82. Qe5+ Kf8 83.
Qh8+ 1-0

[Event "XXXVII Olimpiadi femminile"]
[Site "Torino ITA"]
[Date "2006.05.22"]
[Round "2.1"]
[White "Hagesaether, Ellen"]
[Black "Skripchenko, Almira"]
[Result "0-1"]
[WhiteElo "2226"]
[BlackElo "2423"]
[Annotator "NOR-FRA"]
[PlyCount "154"]
[EventDate "2006.05.21"]

1. e4 c5 2. d3 Nc6 3. g3 g6 4. Bg2 Bg7 5. f4 d6 6. Nf3 Nf6 7. O-O O-O 8. Nc3
Bg4 9. h3 Bxf3 10. Qxf3 Nd7 11. Kh1 Rb8 12. Nd1 b5 13. Qf2 Qc8 14. Be3 b4 15.
g4 Qa6 16. Qd2 b3 17. cxb3 Rxb3 18. axb3 Qxa1 19. e5 Qa6 20. exd6 exd6 21. f5
Nb4 22. d4 Qd3 23. dxc5 dxc5 24. fxg6 hxg6 25. Nc3 Qxd2 26. Bxd2 Ne5 27. Ne4
Ned3 28. Bc3 Rb8 29. Nd6 Rd8 30. Be5 Nxe5 31. Nb7 Rd2 32. Nxc5 Rxb2 33. Bd5 Rd2
34. Bg2 Rc2 35. Ne4 Rb2 36. Nc5 Bf8 37. Rc1 Bh6 38. Re1 Bf4 39. Kg1 Kg7 40. Kf1
Rc2 41. Ne4 f5 42. gxf5 gxf5 43. Nf2 Bg3 44. Re3 Rc8 45. Ke2 f4 46. Rxe5 f3+
47. Kxf3 Bxe5 48. Nd3 Rc3 49. Ke2 Rc2+ 50. Kf1 Bg3 51. Bd5 Kf6 52. Nxb4 Rf2+
53. Kg1 Rd2 54. Bc4 Kf5 55. Kf1 Ke4 56. Be2 Rb2 57. Nc6 Ke3 58. Bg4 Kf4 59.
Nxa7 Ke3 60. Nc6 Rxb3 61. Ne7 Be5 62. Nf5+ Kd3 63. Be2+ Ke4 64. Bg4 Rb2 65. Ke1
Kd3 66. Kf1 Bf4 67. Ke1 Rc2 68. Kf1 Be5 69. Ke1 Bf4 70. Kf1 Bc7 71. Ng3 Ke3 72.
Nf5+ Ke4 73. Ke1 Kd3 74. Kf1 Rb2 75. Ke1 Bb6 76. Kf1 Rf2+ 77. Ke1 Rg2 0-1

[Event "XXXVII Olimpiadi femminile"]
[Site "Torino ITA"]
[Date "2006.05.22"]
[Round "2.3"]
[White "Hagesaether, Torill"]
[Black "Milliet, Sophie"]
[Result "0-1"]
[WhiteElo "2007"]
[BlackElo "2330"]
[Annotator "NOR-FRA"]
[PlyCount "88"]
[EventDate "2006.05.21"]

1. e4 c5 2. Nf3 Nc6 3. Bb5 d6 4. O-O Bd7 5. Re1 a6 6. Bf1 Bg4 7. c3 e6 8. d3
Be7 9. Nbd2 Nf6 10. h3 Bh5 11. g4 Bg6 12. Nh4 d5 13. Nxg6 hxg6 14. f4 dxe4 15.
dxe4 Qd7 16. Qf3 Rd8 17. b3 b5 18. a4 b4 19. Bxa6 bxc3 20. Qxc3 Qd4+ 21. Qxd4
Nxd4 22. Bb2 Nc2 23. Nf3 Nxa1 24. Bxa1 Rxh3 25. Kg2 Rh8 26. Kg3 Kf8 27. Bc3 Ne8
28. Kg2 Rb8 29. Nd2 g5 30. f5 exf5 31. exf5 Rh4 32. Be2 Bf6 33. Rc1 Bxc3 34.
Rxc3 Nf6 35. Rxc5 Nxg4 36. Nf3 Rh6 37. Nxg5 Rh2+ 38. Kf3 Rf2+ 39. Kxg4 Rxe2 40.
Rc3 Rg2+ 41. Kh5 Rb6 42. Rc8+ Ke7 43. Rc7+ Kd8 44. f6 Rxf6 0-1

[Event "XXXVII Olimpiadi femminile"]
[Site "Torino ITA"]
[Date "2006.05.22"]
[Round "2.2"]
[White "Maeckelbergh, Mieke"]
[Black "Giulian, Rosemary A."]
[Result "1/2-1/2"]
[WhiteElo "2026"]
[BlackElo "2050"]
[Annotator "SCO-IBCA"]
[PlyCount "39"]
[EventDate "2006.05.21"]

1. e4 e6 2. d4 d5 3. exd5 exd5 4. Bd3 Nf6 5. Bf4 Nc6 6. c3 Bd6 7. Ne2 O-O 8.
O-O Bxf4 9. Nxf4 Qd6 10. Qf3 Bg4 11. Qg3 Ne7 12. f3 Bf5 13. Nd2 Bxd3 14. Nxd3
Qxg3 15. hxg3 Nf5 16. Kf2 Nd7 17. Rfe1 Rfe8 18. Nf1 Rxe1 19. Rxe1 Kf8 20. g4
1/2-1/2

[Event "XXXVII Olimpiadi femminile"]
[Site "Torino ITA"]
[Date "2006.05.22"]
[Round "2.1"]
[White "Geldyeva, Mekhri"]
[Black "Srebrnic, Ana"]
[Result "0-1"]
[WhiteElo "2274"]
[BlackElo "2302"]
[Annotator "TKM-SLO"]
[PlyCount "110"]
[EventDate "2006.05.21"]

1. d4 d6 2. Nf3 Nf6 3. c4 g6 4. Nc3 Bg7 5. h3 O-O 6. Bg5 h6 7. Bh4 c5 8. d5 e5
9. dxe6 Bxe6 10. e3 Nc6 11. Be2 g5 12. Bg3 d5 13. O-O d4 14. exd4 cxd4 15. Nb5
Ne4 16. Bc7 Qd7 17. Bd3 Nc5 18. Bd6 Nxd3 19. Qxd3 Bf5 20. Qd2 Rfd8 21. c5 b6
22. b4 d3 23. Rac1 a5 24. Nc7 bxc5 25. bxc5 Ra7 26. Nd5 Be4 27. Nb6 Qf5 28. Nh2
Nd4 29. Rfe1 Ne2+ 30. Rxe2 dxe2 31. Qxe2 Bc6 32. Ng4 Re8 33. Qf1 Qe4 34. Ne3 a4
35. Rc4 Qe6 36. Qd1 a3 37. h4 gxh4 38. Qh5 Qg6 39. Qxh4 Rxe3 40. Rg4 Re1+ 41.
Kh2 Qe6 42. f3 f5 43. Rg3 Kh7 44. Qd8 Rf7 45. Qh4 Re2 46. Qb4 Rxa2 47. Nc4 Ra1
48. Nxa3 Qe1 49. Qxe1 Rxe1 50. Nc4 Bd4 51. Rh3 Bf2 52. Ne5 Ra7 53. Nxc6 Raa1
54. g4 Ra2 55. Nb4 Rae2 0-1

[Event "XXXVII Olimpiadi femminile"]
[Site "Torino ITA"]
[Date "2006.05.22"]
[Round "2.3"]
[White "Ovezova, Maisa"]
[Black "Novak, Ksenija"]
[Result "1-0"]
[WhiteElo "2137"]
[BlackElo "2182"]
[Annotator "TKM-SLO"]
[PlyCount "147"]
[EventDate "2006.05.21"]

1. d4 Nf6 2. e3 g6 3. Bc4 Bg7 4. Nf3 O-O 5. O-O d5 6. Be2 Ne4 7. Nbd2 Nxd2 8.
Bxd2 c5 9. Bc3 Nc6 10. Qd2 cxd4 11. Nxd4 e5 12. Nxc6 bxc6 13. Rfd1 Qg5 14. Bb4
Re8 15. Kh1 Bf5 16. c3 Be4 17. f3 Bf5 18. Bc5 h5 19. b4 Be6 20. a4 a6 21. e4
Qh4 22. g3 Qf6 23. Be3 Qe7 24. b5 axb5 25. axb5 Rxa1 26. Rxa1 d4 27. Bg1 c5 28.
c4 Qb7 29. Qa5 f5 30. Qa7 Rb8 31. Qxb7 Rxb7 32. Bd3 Kf7 33. Bf2 Bf6 34. Be1 Bd8
35. Ra6 Bb6 36. Ba5 Bxa5 37. Rxa5 Ke7 38. Ra6 Kd7 39. Kg2 Rc7 40. Ra4 Kc8 41.
Ra6 Kd7 42. Kf2 fxe4 43. fxe4 g5 44. Be2 h4 45. gxh4 gxh4 46. Kg2 Rb7 47. h3
Rb8 48. Bg4 Bxg4 49. hxg4 Rf8 50. Kh3 Rf4 51. Kxh4 Rxe4 52. Ra3 Re1 53. Kg3 e4
54. Kf2 Rc1 55. g5 Rxc4 56. g6 Ke7 57. g7 Kf7 58. Ra7+ Kg8 59. b6 Rc2+ 60. Ke1
Rb2 61. b7 Rb1+ 62. Ke2 d3+ 63. Ke3 c4 64. Ra8+ Kxg7 65. b8=Q Rxb8 66. Rxb8 c3
67. Rc8 c2 68. Rc6 Kf7 69. Kd2 Ke7 70. Rc4 Kd6 71. Rxe4 Kd5 72. Ra4 Kc5 73. Ra3
Kc4 74. Rc3+ 1-0

[Event "XXXVII Olimpiadi femminile"]
[Site "Torino ITA"]
[Date "2006.05.22"]
[Round "2.2"]
[White "Dengler, Dijana"]
[Black "Schuurman, Petra"]
[Result "1-0"]
[WhiteElo "2144"]
[BlackElo "2258"]
[Annotator "NED-BIH"]
[PlyCount "84"]
[EventDate "2006.05.21"]

1. d4 Nf6 2. c3 e6 3. Bg5 h6 4. Bh4 c5 5. e3 Be7 6. Nd2 b6 7. Bd3 Bb7 8. f3 O-O
9. Nh3 Nc6 10. Qe2 d5 11. Bxf6 Bxf6 12. f4 a5 13. Nf3 Qc8 14. g4 g6 15. g5 hxg5
16. Nhxg5 Ba6 17. h4 Bxd3 18. Qxd3 Qa6 19. Qc2 Ne7 20. h5 Nf5 21. hxg6 fxg6 22.
O-O-O Ra7 23. Rdg1 b5 24. Nh4 Rg7 25. Nxf5 exf5 26. Qg2 Qc6 27. Rd1 cxd4 28.
exd4 b4 29. Rd3 Qd6 30. Qf3 Rc7 31. Kb1 Rb8 32. cxb4 Rxb4 33. a3 Rbc4 34. Qe2
Re7 35. Qd2 Qb6 36. Nf3 Rb7 37. Ne5 Bxe5 38. fxe5 Rcc7 39. Rdh3 Rh7 40. Qg2 Qe6
41. Qh2 Qf7 42. e6 Qg7 1-0

[Event "XXXVII Olimpiadi femminile"]
[Site "Torino ITA"]
[Date "2006.05.22"]
[Round "2.3"]
[White "Muhren, Bianca"]
[Black "Dedijer, Sanja"]
[Result "1-0"]
[WhiteElo "2253"]
[BlackElo "2068"]
[Annotator "NED-BIH"]
[PlyCount "95"]
[EventDate "2006.05.21"]

1. e4 e6 2. d4 d5 3. Nd2 Nf6 4. e5 Nfd7 5. Bd3 c5 6. c3 Nc6 7. Ne2 cxd4 8. cxd4
f6 9. exf6 Nxf6 10. Nf3 Bd6 11. O-O Qc7 12. Bg5 O-O 13. Rc1 Bd7 14. Bh4 Nh5 15.
Bg3 Nxg3 16. Nxg3 Bf4 17. Rc3 Be8 18. Re1 Qd6 19. Qb1 h6 20. Bg6 e5 21. Rxc6
bxc6 22. Bh7+ Kh8 23. dxe5 Qc5 24. Bf5 Rb8 25. Ne2 Bg5 26. Ned4 Qb4 27. Nxg5
hxg5 28. Re3 g4 29. Ne6 Qxb2 30. Qxb2 Rxb2 31. Nxf8 Rxa2 32. h3 gxh3 33. Ng6+
Kg8 34. Rxh3 Bxg6 35. Bxg6 Kf8 36. Rc3 Ra6 37. Bd3 Rb6 38. f4 Ke7 39. Kf2 Ke6
40. Ke3 g5 41. g3 a5 42. Ra3 c5 43. Rxa5 c4 44. Bg6 Rb3+ 45. Kd4 Rxg3 46. f5+
Kd7 47. Rxd5+ Ke7 48. f6+ 1-0